000
00202 a2200085 4500
020
_a
9780262580021
100
_a
Ebenezer Howard
245
_a
Garden Cities of To-Morrow
260
_b
The MIT Press
_c
1965
999
_c
13530
_d
13530